000 00289nam a2200121 i 4500
001 bg
245 0 0 _aPodstawowe problemy współczesnej techniki.
_nT. 19.
260 _aWarszawa,
_c1975
_aPWN.
040 _cBPK
041 _apol
942 _cKS
008 s pl f |000 0 pol
999 _c18113
_d18113
856 _uhttp://koha.tu.koszalin.pl/cgi-bin/koha/opac-detail.pl?biblionumber=18113
_yKatalog online BPK